Mademoiselle Chanel / (Registro n. 7782)
[ somente texto ]
| 000 -LÍDER | |
|---|---|
| campo de controle de tamanho fixo | 01605nam a2200241 a 4500 |
| 001 - NÚMERO DE CONTROLE | |
| campo de controle | BS0002724 |
| 003 - IDENTIFICADOR DO NÚMERO DE CONTROLE | |
| campo de controle | BR-BrBNA |
| 005 - DATA E HORÁRIO DA ÚLTIMA TRANSAÇÃO | |
| campo de controle | 20230418192118.0 |
| 008 - CAMPO DE DADOS FIXOS--INFORMAÇÃO GERAL | |
| campo de controle de tamanho fixo | 230308b |||||||| |||| 00| 0 por d |
| 040 ## - FONTE DA CATALOGAÇÃO | |
| Instituição da catalogação original | BR-BrBNA |
| Idioma da catalogação | por |
| Instituição que transcreveu o registro | Biblioteca Nacional de Agricultura |
| 041 ## - CÓDIGO DE IDIOMA | |
| Código do idioma do texto/trilha sonora ou título diferente | por |
| 072 ## - CÓDIGO DE CATEGORIA DE ASSUNTO | |
| Código de Categoria de Assunto | B60 |
| 090 ## - NÚMERO DE CHAMADA LOCAL | |
| Número de chamada | B60 BS0002724 |
| 100 1# - ENTRADA PRINCIPAL--NOME PESSOAL | |
| Nome pessoal | Amaral, Maria Adelaide |
| 245 1# - TÍTULO | |
| Título | Mademoiselle Chanel / |
| 260 3# - PUBLICAÇÃO, DISTRIBUIÇÃO, ETC. | |
| Local de publicação, distribuição, etc. | São Paulo, SP: |
| Nome do editor, distribuidor, etc. | Globo, |
| Data da publicação, distribuição, etc. | 2004. |
| 300 ## - DESCRIÇÃO FÍSICA | |
| Extensão | 111 p. |
| 520 3# - NOTA DE RESUMO, ETC | |
| Resumo, etc. | Gabrielle Chanel (1883-1971)foi, sem dúvida, uma das mulheres mais importantes do século 20. Revolucionária e moderna no seu estilo de vida, foi antes de mais nada inovadora e pioneira da sua libertação do corpo da mulher, e no seu conceito de conforto, sensualidade e luxo considerado até hoje base indiscutível do guarda-roupa feminino moderno. Dona de um estilo inconfundível, sua famosa frase "A moda passa, mas o estilo permanece!", define muito bem aquilo que será a base de um dos empreendimentos mais bem sucedidos da história empresarial. De origem humilde, Gabrielle Chanel construiu um verdadeiro império de moda, acessórios, perfumes, cosméticos, bijuterias e joalherias. Maria Adelaide Amaral soubre retratar com maestria e muito carinho esta mulher excepcional. É fundamental que se conheça um pouco da alma de Gabrielle Chanel, e suas paixões, de usas convicções e de seus gostos para entender o significado das palavras "estilo", "moda", "vanguarda" e "criativade". |
| 650 ## - ASSUNTO--TERMO TÓPICO | |
| Cabeçalho tópico ou nome geográfico | BIOGRAFIA |
| 650 ## - ASSUNTO--TERMO TÓPICO | |
| Cabeçalho tópico ou nome geográfico | LITERATURA BRASILEIRA |
| 909 ## - | |
| -- | 202304 |
| -- | Sergio Santos |
| -- | 56 |
| -- | Sergio Santos |
| 942 ## - ELEMENTOS DE ENTRADA ADICIONADOS (KOHA) | |
| Tipo de material Koha | Livros |
| Situação do descarte | Fonte da classificação ou esquema de arquivamento na estante | Situação física | Não pode ser emprestado | Coleção | Biblioteca de origem | Biblioteca atual | Total de empréstimos | Número de telefone completo | Código de barras | Data de último acesso | Número do exemplar | Tipo de material Koha | Situação das perdas | Data de aquisição | Fonte de aquisição | Qualificador de local codificado | Custo, preço normal de compra | Número do inventário | Custo, preço de reposição | Preço efetivo de |
|---|---|---|---|---|---|---|---|---|---|---|---|---|---|---|---|---|---|---|---|---|
| Classificação AGRIS | Acervo Cultural | Espaço Ceres - QVT/MAPA | Espaço Ceres - QVT/MAPA | B60 BS0002724 | 2023-436862 | 12/04/2023 | 01 | Livros | 2023-04-04 | Doação | B60 |

BINAGRI